| 000 | 00726nam a2200229Ia 4500 | ||
|---|---|---|---|
| 005 | 20220617160327.0 | ||
| 008 | 210716s2004 xx 000 0 und d | ||
| 020 | _a9788129703569 | ||
| 040 | _cAIMIT LIBRARY | ||
| 041 | _aeng | ||
| 082 |
_a005.73 _21 _bLANY |
||
| 100 |
_aLangsam, Yedidyah. _943869 |
||
| 245 |
_aData structures using java / _cBy Yedidyah Langsam, Moshe J. Augenstein and Aaron M. Tenenbaum. |
||
| 250 | _a1st ed. | ||
| 260 |
_aNew Delhi : _bPearson Education , _c2004 . |
||
| 300 |
_axvii, 670p. ; _c24 cm. |
||
| 650 |
_aQueues and lists _943870 |
||
| 650 |
_aRecursion _943871 |
||
| 700 |
_aAugenstein, Moshe J. _943872 |
||
| 700 |
_aTenenbaum, Aaron M. _943873 |
||
| 942 |
_2ddc _cBK _e1st _k005.73 LANY |
||
| 999 |
_c186060 _d186060 |
||